ՀՀ Գիտությունների ազգային ակադեմիայի հիմնարար գիտական գրադարան  =   Fundamental Scientific Library of NAS RA

Функциональные преобразователи с аналого-цифровым представлением информации / (Record no. 71023)

MARC details
000 -LEADER
fixed length control field 01094nam a2200265 a 4500
001 - CONTROL NUMBER
control field 000204584
003 - CONTROL NUMBER IDENTIFIER
control field AM-YeHGA
005 - DATE AND TIME OF LATEST TRANSACTION
control field 20250617124028.0
008 - FIXED-LENGTH DATA ELEMENTS--GENERAL INFORMATION
fixed length control field 000216s1973 ru |||||||||||||||||rus|d
020 ## - INTERNATIONAL STANDARD BOOK NUMBER
Terms of availability 00.35
040 ## - CATALOGING SOURCE
Original cataloging agency AM-YeHGA
041 0# - LANGUAGE CODE
Language code of text/sound track or separate title rus
090 ## - LOCALLY ASSIGNED LC-TYPE CALL NUMBER (OCLC); LOCAL CALL NUMBER (RLIN)
-- 72222
100 1# - MAIN ENTRY--PERSONAL NAME
Personal name Гинзбург, Самуил Александрович
245 10 - TITLE STATEMENT
Title Функциональные преобразователи с аналого-цифровым представлением информации /
Statement of responsibility, etc. С.А. Гинзбург, Ю.Я. Любарский ; Редкол.: И.В. Антик, Г.Т. Артамонов и др.
260 ## - PUBLICATION, DISTRIBUTION, ETC.
Place of publication, distribution, etc. Москва :
Name of publisher, distributor, etc. Энергия,
Date of publication, distribution, etc. 1973.
300 ## - PHYSICAL DESCRIPTION
Extent 103 с.
440 #0 - SERIES STATEMENT/ADDED ENTRY--TITLE
Title Библиотека по автоматике
Volume/sequential designation Вып. 481
650 #4 - SUBJECT ADDED ENTRY--TOPICAL TERM
Topical term or geographic name entry element Автоматика
650 #4 - SUBJECT ADDED ENTRY--TOPICAL TERM
Topical term or geographic name entry element Преобразователи аналого-цифровые
700 1# - ADDED ENTRY--PERSONAL NAME
Personal name Любарский, Юрий Яковлевич
700 1# - ADDED ENTRY--PERSONAL NAME
Personal name Антик, И.В.
Relator term ред.
Relationship edt
700 1# - ADDED ENTRY--PERSONAL NAME
Personal name Артамонов, Г.Т.
Relator term ред.
Relationship edt
942 ## - ADDED ENTRY ELEMENTS (KOHA)
Source of classification or shelving scheme Universal Decimal Classification
Koha item type Գրքեր / Books
Holdings
Withdrawn status Lost status Source of classification or shelving scheme Damaged status Not for loan Collection Home library Current library Date acquired Total checkouts Full call number Barcode Date last seen Price effective from Koha item type Public note
    Universal Decimal Classification     General Fundamental Scientific Library Fundamental Scientific Library 22/12/2016   PII/300102 FL0086502 22/12/2016 22/12/2016 Գրքեր / Books 30 Days Loan
    Universal Decimal Classification     General Fundamental Scientific Library Fundamental Scientific Library 22/12/2016   PII/305387 FL0193047 22/12/2016 22/12/2016 Գրքեր / Books 30 Days Loan


ՀՀ ԳԱԱ հիմնարար գիտական գրադարան
ՀՀ,Երևան 0019
Մարշալ Բաղրամյան 24/6
հեռախոս:(374-10) 52-47-50
Հետադարձ կապ

All site content, except where otherwise noted, is licensed under a
Creative Commons License